Identification of key attributes, gap analysis and simulation techniques in forecasting market potential of ethical pharmaceutical products.

Model na predpoveď potenciálneho podielu na trhu farmaceutických výrobkov pre nový produkt firmy Sandoz. Model zohľadňuje rozhodovací proces zákazníkov (lekárov), ich postoje/potreby a klinický profil výrobku. Predpovedá sa celkový podiel výrobku na hlavných trhoch a jeho dopad na podiel konkurenčný...

ver descrição completa

Na minha lista:
Detalhes bibliográficos
Autor principal: Kontzalis, P.
Formato: Capítulo de Livro
Idioma:inglês
Assuntos:
Tags: Adicionar Tag
Sem tags, seja o primeiro a adicionar uma tag!

MARC

LEADER 00000naa a2200000 4500
001 r011019
005 20221130113006.7
041 0 |a eng 
044 |a NL 
245 1 0 |a Identification of key attributes, gap analysis and simulation techniques in forecasting market potential of ethical pharmaceutical products.  |c P. Kontzalis 
520 |a Model na predpoveď potenciálneho podielu na trhu farmaceutických výrobkov pre nový produkt firmy Sandoz. Model zohľadňuje rozhodovací proces zákazníkov (lekárov), ich postoje/potreby a klinický profil výrobku. Predpovedá sa celkový podiel výrobku na hlavných trhoch a jeho dopad na podiel konkurenčných výrobkov. Model je použiteľný aj na predpoveď trhového potenciálu iných priemyselných výrobkov - automobilov, cigariet a spotrebného tovaru. 
610 2 0 |a modely prognostické 
610 2 0 |a priemysel farmaceutický 
610 2 0 |a simulácia 
610 2 0 |a výrobky nové 
610 2 0 |a prognózy 
610 2 0 |a trh 
610 2 0 |a Sandoz Pharma AG Basel 
610 2 0 |a modely trhu 
100 1 |a Kontzalis, P.